[Event "POL-chT 1st League"]
[Site "Szklarska Poreba"]
[Date "2021.09.09"]
[Round "6.11"]
[White "Dryja, Szymon"]
[Black "Mika, Tomasz1111"]
[Result "0-1"]
[WhiteElo "1858"]
[BlackElo "2137"]
[PlyCount "92"]
[EventDate "2021.09.04"]
[EventType "team-swiss"]
[EventRounds "9"]
[EventCountry "POL"]
[SourceTitle "CBM 204 Extra"]
[Source "ChessBase"]
[SourceDate "2021.11.30"]
[SourceVersion "1"]
[SourceVersionDate "2021.11.30"]
[SourceQuality "1"]
[WhiteTeam "Bogatynia UKS SP3"]
[BlackTeam "Pilzno GKSz Hetman"]
[WhiteTeamCountry "POL"]
[BlackTeamCountry "POL"]

1. d4 Nf6 2. Bg5 c5 3. d5 Ne4 4. h4 Nxg5 5. hxg5 g6 6. Nd2 Bg7 7. c3 b5 8. e4 b4 9. Rc1 bxc3 10. bxc3 d6 11. Bd3 0-0 12. Ne2 e6 13. Nf3 exd5 14. exd5 Re8 15. Qd2 Qa5 16. 0-0 Ba6 17. Ng3 Nd7 18. Rfd1 Nb6 19. Ne4 Bxd3 20. Qxd3 Qxa2 21. Nxd6 Red8 22. Ne4 Rxd5 23. Qe3 Rxd1+ 24. Rxd1 Qe6 25. Nf6+ Bxf6 26. Qxe6 fxe6 27. gxf6 Kf7 28. Ng5+ Kxf6 29. Nxh7+ Kf5 30. Rd3 a5 31. Rf3+ Ke5 32. Re3+ Kd6 33. Ng5 Re8 34. Ne4+ Kc6 35. Nf6 Re7 36. Ng8 Rd7 37. Rxe6+ Kb5 38. Re1 Nd5 39. Rb1+ Kc4 40. Ra1 Ra7 41. Nh6 a4 42. Ng4 a3 43. Ne5+ Kxc3 44. Rc1+ Kb3 45. Nd3 c4 46. Re1 cxd3 0-1

[Event "Police Gniota Memorial 34th"]
[Site "Police"]
[Date "2019.07.10"]
[Round "1"]
[White "Kalinin, A2222"]
[Black "Dryja, Szymon"]
[Result "0-1"]
[WhiteElo "2203"]
[BlackElo "1785"]
[PlyCount "90"]
[EventDate "2019.07.10"]
[EventType "swiss"]
[EventRounds "9"]
[EventCountry "POL"]
[SourceTitle "EXT 2020"]
[Source "ChessBase"]
[SourceDate "2019.10.17"]
[SourceVersion "1"]
[SourceVersionDate "2019.10.17"]
[SourceQuality "1"]

1. e4 c5 2. Nc3 Nc6 3. Nf3 e6 4. d4 cxd4 5. Nxd4 Nf6 6. Ndb5 d6 7. Bf4 e5 8. Bg5 a6 9. Na3 Be6 10. Nc4 b5 11. Ne3 h6 12. Bxf6 Qxf6 13. a4 b4 14. Ncd5 Qd8 15. Qd2 Be7 16. Bc4 0-0 17. Nxe7+ Qxe7 18. Bd5 Rac8 19. Bxc6 Rxc6 20. Qxb4 Qh4 21. c3 a5 22. Qxa5 Qxe4 23. 0-0 Rb8 24. c4 Rc5 25. Qd2 Rc6 26. Rfc1 f5 27. b4 f4 28. Nf1 Bxc4 29. f3 Qg6 30. b5 Rc5 31. Rc3 d5 32. Rac1 Rbc8 33. Qf2 d4 34. R3c2 Qb6 35. Nd2 Bd3 36. Rxc5 Rxc5 37. Nb3 Rxc1+ 38. Nxc1 Bc2 39. Kf1 Qc5 40. Qd2 Bxa4 41. Qa2+ Kh7 42. Qb1+ Bc2 43. Qb2 d3 44. Na2 d2 45. Nc3 Bd3+ 0-1

[Event "Krakow op-B 29th"]
[Site "Krakow"]
[Date "2018.12.28"]
[Round "2"]
[White "Dryja, Szymon"]
[Black "Brylski, Pawel"]
[Result "0-1"]
[WhiteElo "1795"]
[BlackElo "1975"]
[PlyCount "88"]
[EventDate "2018.12.27"]
[EventType "swiss"]
[EventRounds "9"]
[EventCountry "POL"]
[SourceTitle "CBM 189 Extra"]
[Source "ChessBase"]
[SourceDate "2019.06.03"]
[SourceVersion "1"]
[SourceVersionDate "2019.06.03"]
[SourceQuality "1"]

1. e4 g6 2. d4 Bg7 3. Nf3 d6 4. c3 a6 5. a4 b6 6. Bd3 Bb7 7. 0-0 Nd7 8. Re1 c5 9. e5 dxe5 10. Nbd2 cxd4 11. cxd4 exd4 12. Nc4 Nc5 13. Bf4 Bxf3 14. Qxf3 Nxd3 15. Nd6+ Kf8 16. Nxf7 Nxe1 17. Rxe1 Kxf7 18. Bc7+ Bf6 19. Bxd8 Rxd8 20. g4 Kg7 21. Qg3 d3 22. Rd1 d2 23. Qe3 Bd4 24. Qe2 e5 25. Rxd2 Nf6 26. g5 Nd5 27. h4 Rhf8 28. Qxa6 Rf7 29. Qc4 Rf4 30. Qc6 Rxh4 31. Qe6 Rf4 32. b4 Rf5 33. a5 bxa5 34. bxa5 Rxg5+ 35. Kf1 Rf5 36. Kg1 Rf6 37. Qh3 Nf4 38. Qb3 Kh6 39. Kh1 Rc8 40. Qa3 Rc3 41. Qe7 Rf5 42. Rd1 Rh5+ 43. Kg1 Rg3+ 44. Kf1 Rh1# 0-1

[Event "Rubinstein Memorial-A 54th"]
[Site "Polanica Zdroj"]
[Date "2018.08.24"]
[Round "7"]
[White "Harazinska, Magdalena"]
[Black "Dryja, Szymon"]
[Result "1-0"]
[WhiteElo "2035"]
[BlackElo "1878"]
[PlyCount "107"]
[EventDate "2018.08.18"]
[EventType "swiss"]
[EventRounds "9"]
[EventCountry "POL"]
[SourceTitle "CBM 186 Extra"]
[Source "ChessBase"]
[SourceDate "2018.08.24"]
[SourceVersion "1"]
[SourceVersionDate "2018.08.24"]
[SourceQuality "1"]

1. d4 d5 2. c4 c6 3. Nc3 Nf6 4. e3 e6 5. Nf3 Bd6 6. Qc2 0-0 7. Be2 Nbd7 8. 0-0 b6 9. b3 Bb7 10. Bb2 Rc8 11. Rad1 Bb8 12. e4 dxe4 13. Nxe4 Nxe4 14. Qxe4 Nf6 15. Qh4 Qe7 16. Bd3 h6 17. Rfe1 Rfe8 18. Ne5 a6 19. Bc1 Nh7 20. Qh5 f5 21. Re3 Bxe5 22. Rxe5 Qf7 23. Qe2 Qg6 24. Re1 Nf8 25. Bxf5 Qf6 26. Bxe6+ Nxe6 27. Rxe6 Rxe6 28. Qxe6+ Qxe6 29. Rxe6 Rd8 30. Be3 Kf7 31. Re5 Bc8 32. h3 Kf6 33. g4 Be6 34. Kg2 b5 35. Rc5 Rc8 36. Kf3 g5 37. Ke4 Bf7 38. f4 gxf4 39. Kxf4 Be8 40. d5 bxc4 41. bxc4 Bd7 42. Bd4+ Ke7 43. Ke5 Rf8 44. dxc6 Bc8 45. Be3 Rf3 46. Bxh6 Rxh3 47. g5 Ra3 48. Bg7 Rxa2 49. Bf6+ Kf7 50. Kd6 a5 51. Kc7 Be6 52. Kb8 a4 53. c7 a3 54. c8Q 1-0

[Event "Police Gniota Memorial 33rd"]
[Site "Police"]
[Date "2018.07.14"]
[Round "4"]
[White "Lanica, Lukasz"]
[Black "Dryja, Szymon"]
[Result "1-0"]
[WhiteElo "1814"]
[BlackElo "1898"]
[PlyCount "109"]
[EventDate "2018.07.11"]
[EventType "swiss"]
[EventRounds "9"]
[EventCountry "POL"]
[SourceTitle "CBM 185 Extra"]
[Source "ChessBase"]
[SourceDate "2018.07.29"]
[SourceVersion "1"]
[SourceVersionDate "2018.07.29"]
[SourceQuality "1"]

1. e4 c5 2. Nf3 Nc6 3. Bb5 g6 4. Bxc6 bxc6 5. Nc3 Bg7 6. d3 Nf6 7. h3 0-0 8. Be3 d6 9. Qd2 Re8 10. 0-0 Rb8 11. Rab1 e5 12. Ne2 Be6 13. b3 Nh5 14. g4 Qd7 15. gxh5 Bxh3 16. Nh2 Bxf1 17. Rxf1 f5 18. Bh6 f4 19. Bxg7 Kxg7 20. h6+ Kxh6 21. f3 Kg7 22. Rf2 a5 23. a4 Ra8 24. Qe1 h5 25. Rg2 Qe7 26. Kf1 Rg8 27. Ng1 d5 28. Nh3 Rge8 29. Ng5 c4 30. bxc4 dxc4 31. Qc3 cxd3 32. cxd3 Rab8 33. Kg1 Rb1+ 34. Nf1 h4 35. Qxc6 Reb8 36. Ne6+ Kh6 37. Nxf4 Rxf1+ 38. Kxf1 Rb1+ 39. Ke2 Rb2+ 40. Kf1 Rb1+ 41. Ke2 Rb2+ 42. Kd1 Rxg2 43. Nxg2 h3 44. Ne3 Kh5 45. Qc8 h2 46. Qh8+ Kg5 47. Qxh2 Qe8 48. Qc2 Kf4 49. Nd5+ Kg3 50. Ke1 Kh3 51. Ne3 Kh4 52. Qh2+ Kg5 53. Ng4 Qf8 54. Qxe5+ Kh4 55. Qf6+ 1-0

[Event "Gora Sw Anny op 11th"]
[Site "Gora Sw Anny"]
[Date "2018.01.23"]
[Round "9"]
[White "Karykowska, Anna"]
[Black "Dryja, Szymon"]
[Result "1/2-1/2"]
[WhiteElo "1933"]
[BlackElo "1861"]
[PlyCount "76"]
[EventDate "2018.01.16"]
[EventType "swiss"]
[EventRounds "10"]
[EventCountry "POL"]
[SourceTitle "CBM 182 Extra"]
[Source "ChessBase"]
[SourceDate "2018.02.23"]
[SourceVersion "1"]
[SourceVersionDate "2018.02.23"]
[SourceQuality "1"]

1. e4 c6 2. d4 d5 3. e5 Bf5 4. h4 h6 5. g4 Be4 6. f3 Bg6 7. h5 Bh7 8. e6 fxe6 9. Bd3 Bxd3 10. Qxd3 Nf6 11. Ne2 Na6 12. Nbc3 Qb6 13. Qg6+ Kd7 14. Be3 e5 15. 0-0-0 e6 16. Bg1 exd4 17. Nxd4 c5 18. Qf7+ Be7 19. Nf5 Rae8 20. Nh4 Ref8 21. Qg6 Nc7 22. Bh2 Rhg8 23. Rhe1 Kc8 24. Bxc7 Kxc7 25. Nf5 Bd6 26. Nxd6 Kxd6 27. Rxe6+ Kxe6 28. Nxd5 Qd6 29. Qf5+ Kf7 30. Qg6+ Ke6 31. Qf5+ Kf7 32. Qg6+ Ke6 33. c4 Qe5 34. f4 Qe4 35. Nc7+ Ke7 36. Nd5+ Ke6 37. Nc7+ Ke7 38. Nd5+ Ke6 1/2-1/2

[Event "Gora Sw Anny op 11th"]
[Site "Gora Sw Anny"]
[Date "2018.01.22"]
[Round "8"]
[White "Dryja, Szymon"]
[Black "Dwilewicz, Katarzyna"]
[Result "1-0"]
[WhiteElo "1861"]
[BlackElo "2081"]
[PlyCount "81"]
[EventDate "2018.01.16"]
[EventType "swiss"]
[EventRounds "10"]
[EventCountry "POL"]
[SourceTitle "CBM 182 Extra"]
[Source "ChessBase"]
[SourceDate "2018.02.23"]
[SourceVersion "1"]
[SourceVersionDate "2018.02.23"]
[SourceQuality "1"]

1. e4 c5 2. Nf3 d6 3. d4 cxd4 4. Nxd4 Nf6 5. Nc3 a6 6. h3 e5 7. Nde2 h5 8. g3 Be7 9. Bg2 Be6 10. Be3 Nbd7 11. 0-0 Qc7 12. b3 b5 13. f4 Nc5 14. f5 Bd7 15. b4 Nb7 16. a4 0-0 17. a5 Rac8 18. Ra2 Bc6 19. Rb2 Qb8 20. Bb6 Qa8 21. Qd3 Rfe8 22. Qf3 Nd8 23. Rbb1 Bb7 24. g4 Rc4 25. Ng3 h4 26. g5 hxg3 27. gxf6 Bxf6 28. Rbd1 Qc8 29. Rd3 Rxb4 30. Qxg3 Rc4 31. Nd1 Bxe4 32. Bxe4 Rxe4 33. Ne3 Rxe3 34. Bxe3 Nb7 35. Rd2 Nc5 36. Rg2 Kh7 37. Bg5 Ne4 38. Qh4+ Kg8 39. Bxf6 Qc5+ 40. Kh2 Nxf6 41. Qxf6 1-0

[Event "Gora Sw Anny op 11th"]
[Site "Gora Sw Anny"]
[Date "2018.01.19"]
[Round "5"]
[White "Dryja, Szymon"]
[Black "Fiedorek, Michal"]
[Result "1/2-1/2"]
[WhiteElo "1861"]
[BlackElo "1905"]
[PlyCount "96"]
[EventDate "2018.01.16"]
[EventType "swiss"]
[EventRounds "10"]
[EventCountry "POL"]
[SourceTitle "CBM 182 Extra"]
[Source "ChessBase"]
[SourceDate "2018.02.23"]
[SourceVersion "1"]
[SourceVersionDate "2018.02.23"]
[SourceQuality "1"]

1. d4 Nf6 2. c4 g6 3. Nc3 Bg7 4. e4 d6 5. Be2 0-0 6. g4 e5 7. d5 a5 8. h4 Na6 9. g5 Nd7 10. h5 Qe7 11. Qd3 Nb4 12. Qd2 Nc5 13. Qd1 Bd7 14. a3 Nba6 15. b3 a4 16. b4 Nb3 17. Rb1 Nxc1 18. Qxc1 Be8 19. hxg6 fxg6 20. Nf3 Bd7 21. Qe3 Rf4 22. Kd2 Raf8 23. Rbg1 Qf7 24. Rg3 Bg4 25. Rxg4 Rxg4 26. Nxe5 Bxe5 27. Bxg4 Qxf2+ 28. Qxf2 Rxf2+ 29. Ke3 Rg2 30. Be6+ Kf8 31. Nb5 Rg3+ 32. Ke2 c6 33. dxc6 bxc6 34. Na7 Rxa3 35. Nxc6 Ra2+ 36. Kf3 Ra3+ 37. Ke2 Ra2+ 38. Kf3 Ra3+ 39. Kg4 Rg3+ 40. Kh4 Re3 41. Rf1+ Ke8 42. Bd5 Nc7 43. Nxe5 dxe5 44. Rc1 Nxd5 45. exd5 Rb3 46. b5 a3 47. Rc2 Rb2 48. Rc3 Rb4 1/2-1/2

[Event "Krakow op-B 28th"]
[Site "Krakow"]
[Date "2018.01.04"]
[Round "9"]
[White "Dryja, Szymon"]
[Black "Wnek, Filip"]
[Result "1-0"]
[WhiteElo "1861"]
[BlackElo "1748"]
[PlyCount "85"]
[EventDate "2017.12.27"]
[EventType "swiss"]
[EventRounds "9"]
[EventCountry "POL"]
[SourceTitle "CBM 182 Extra"]
[Source "ChessBase"]
[SourceDate "2018.02.23"]
[SourceVersion "1"]
[SourceVersionDate "2018.02.23"]
[SourceQuality "1"]

1. Nf3 f5 2. b3 Nf6 3. Bb2 d6 4. d4 g6 5. e3 Bg7 6. Bc4 e6 7. 0-0 0-0 8. Nbd2 Kh8 9. h3 Qe8 10. Re1 b5 11. Bf1 Bb7 12. c4 bxc4 13. Bxc4 h6 14. Qc2 Ne4 15. Bd3 Nxd2 16. Nxd2 Rf7 17. Rac1 Nc6 18. a3 a6 19. Nf3 Re7 20. e4 Nd8 21. d5 Bxb2 22. Qxb2+ Rg7 23. Rxc7 Qf8 24. dxe6 Kh7 25. Rxg7+ Qxg7 26. Qxg7+ Kxg7 27. exf5 Bxf3 28. gxf3 Nc6 29. Be4 Ra7 30. Bxc6 Re7 31. fxg6 Kxg6 32. Bd7 Kf6 33. b4 d5 34. Kf1 d4 35. a4 d3 36. Re4 d2 37. Ke2 h5 38. b5 axb5 39. axb5 h4 40. b6 d1Q+ 41. Kxd1 Kg6 42. b7 Kh6 43. b8Q 1-0

[Event "Krakow op-B 28th"]
[Site "Krakow"]
[Date "2018.01.03"]
[Round "8"]
[White "Suder, Jakub"]
[Black "Dryja, Szymon"]
[Result "1-0"]
[WhiteElo "1768"]
[BlackElo "1861"]
[PlyCount "70"]
[EventDate "2017.12.27"]
[EventType "swiss"]
[EventRounds "9"]
[EventCountry "POL"]
[SourceTitle "CBM 182 Extra"]
[Source "ChessBase"]
[SourceDate "2018.02.23"]
[SourceVersion "1"]
[SourceVersionDate "2018.02.23"]
[SourceQuality "1"]

1. d4 Nf6 2. Bf4 g6 3. h3 Bg7 4. e3 0-0 5. c4 d6 6. Nf3 Nbd7 7. Nc3 c6 8. Be2 Re8 9. 0-0 b6 10. Rc1 Bb7 11. Qb3 e5 12. Bh2 Qe7 13. Rfd1 h6 14. Qa3 a6 15. Rd2 c5 16. dxe5 dxe5 17. Rcd1 e4 18. Bd6 Qe6 19. Nh2 h5 20. Bc7 Rac8 21. Rd6 Qf5 22. g4 Qg5 23. Rxd7 Nxd7 24. Rxd7 Bc6 25. Bf4 Qh4 26. Bg3 Qg5 27. Bf4 Qh4 28. Bg3 Qg5 29. h4 Qf6 30. Rd6 Qe7 31. Nd5 Bxd5 32. Rxd5 Red8 33. gxh5 Rxd5 34. cxd5 gxh5 35. Qxa6 Rb8 1-0

[Event "Krakow op-B 28th"]
[Site "Krakow"]
[Date "2017.12.30"]
[Round "5"]
[White "Dryja, Szymon"]
[Black "Jankowiak, Piotr"]
[Result "1/2-1/2"]
[WhiteElo "1861"]
[BlackElo "1917"]
[PlyCount "41"]
[EventDate "2017.12.27"]
[EventType "swiss"]
[EventRounds "9"]
[EventCountry "POL"]
[SourceTitle "CBM 182 Extra"]
[Source "ChessBase"]
[SourceDate "2018.02.23"]
[SourceVersion "1"]
[SourceVersionDate "2018.02.23"]
[SourceQuality "1"]

1. Nf3 g6 2. b3 Bg7 3. d4 d5 4. Bb2 c5 5. e3 Nc6 6. Be2 e6 7. 0-0 Nge7 8. Nbd2 0-0 9. Rb1 b6 10. c4 cxd4 11. exd4 dxc4 12. Nxc4 Ba6 13. Nce5 Bxe2 14. Qxe2 Qd5 15. Rfd1 Rfd8 16. Rbc1 Rac8 17. h3 Nf5 18. Nxc6 Rxc6 19. Rxc6 Qxc6 20. Rc1 Qd7 21. Qa6 1/2-1/2